| 000 | 00367nam a2200145Ia 4500 | ||
|---|---|---|---|
| 008 | 240624s9999 xx 000 0 und d | ||
| 041 | _aeng | ||
| 082 | _a657.3 PEN | ||
| 100 | _aPENMAN STEPHAN | ||
| 245 | _aFINANCIAL STATEMENT ANALYSIS AND SECURIT | ||
| 250 | _a(3rd ed.) | ||
| 260 |
_c2007 _aNew Delhi _bTata McGraw- Hill |
||
| 300 | _a800 : p. | ||
| 365 |
_cRS _b30 |
||
| 999 |
_c15304 _d15304 |
||